| 000 | 00000nam##2200000za#4500 |
| 001 | 9.699428 |
| 003 | CaOODSP |
| 005 | 20210625000357 |
| 007 | cr ||||||||||| |
| 008 | 150407|2005||||xxc|||||o f|0| 0 eng|d |
| 040 | |aCaOODSP|beng |
| 043 | |an-cn--- |
| 086 | 1 |aH164-174/2005E-PDF |
| 110 | 1 |aCanada. |bHealth Products and Food Branch. |
| 245 | 10|aWhat we heard - evaluation report of the Pilot Information and Training Session for Patients and Consumers |h[electronic resource] |
| 246 | 1 |aFinal evaluation report |
| 260 | |aOttawa - Ontario : |bHealth Canada. |cMarch 31, 2005. |
| 300 | |a14p.|btable |
| 590 | |a14-14-Supp|b2014-07-24 |
| 690 | 07|aFood|2gcpds |
| 690 | 07|aHealth care products|2gcpds |
| 690 | 07|aTraining|2gcpds |
| 775 | 08|tCe que nous avons entendu - rapport d'évaluation de la séance pilote d'information et de formation pour les patients et les consommateurs |w(CaOODSP)9.643547 |
| 856 | 40|ahttp://publications.gc.ca|qPDF|s90 KB|uhttps://publications.gc.ca/collections/collection_2014/sc-hc/H164-174-2005-eng.pdf |